Chronology of the modern world : 1763 to 1992

Αποθηκεύτηκε σε:
Λεπτομέρειες βιβλιογραφικής εγγραφής
Κύριος συγγραφέας: Williams, Neville 1924-
Άλλοι συγγραφείς: Waller, Philip
Μορφή: Βιβλίο
Γλώσσα:English
Δημοσίευση: Oxford : Helicon, 1994
Έκδοση:2nd ed.
Θέματα:
Ετικέτες: Προσθήκη ετικέτας
Δεν υπάρχουν, Καταχωρήστε ετικέτα πρώτοι!

MARC

LEADER 00000nam a2200000 i 4500
001 1/5183
008 960520s1994 eng d
020 |a 0-09-178274-0 
035 |l 10015916 
040 |a GR-MY-UA  |b gre  |e aacr 
041 0 |a eng 
082 0 |a 909.080202 
100 1 |a Williams, Neville  |d 1924- 
245 1 0 |a Chronology of the modern world :  |b 1763 to 1992 /  |c Neville Williams; Philip Waller 
250 |a 2nd ed. 
260 |a Oxford :   |b Helicon,   |c 1994 
300 |a xvi, 1136 σ.;  |c 26 εκ. 
504 |a Περιέχει ευρετήριο 
650 0 0 |a History, Modern  |y 18th century  |x Chronology. 
650 0 0 |a History, Modern  |y 19th century  |x Chronology. 
650 0 0 |a History, Modern  |y 20th century  |x Chronology. 
700 1 |a Waller, Philip. 
774 1 |t Chronology of world history 
852 |a INST  |b LESVOS  |e 19960520  |h 909.080202 WIL  |p 005100010215  |q 005100010215  |t BK  |y 0 
909 |a Λ  |b 044928 
922 |a 1ΔΩΡ  |b 199604  |c ΤΚΑ